[Event "South Asian Chess Council-ch (Women)"]
[Site "Godawari"]
[Date "2023.06.15"]
[Round "3"]
[White "Lohani, Sujana"]
[Black "Dhimal, Shanti"]
[Result "1-0"]
[WhiteElo "1753"]
[BlackElo "1466"]
[PlyCount "121"]
[EventDate "2023.06.14"]
[EventType "tourn"]
[EventRounds "7"]
[EventCountry "NEP"]
[SourceTitle "EXT 2024"]
[Source "ChessBase"]
[SourceDate "2023.10.10"]
[SourceVersion "1"]
[SourceVersionDate "2023.10.10"]
[SourceQuality "1"]

1. d4 d5 2. Nf3 Bf5 3. e3 Nf6 4. b3 e6 5. Be2 Nbd7 6. 0-0 a6 7. c4 c6 8. Bb2 Bd6 9. Nbd2 Bb8 10. Ne5 0-0 11. f4 Ne4 12. Nxe4 Bxe4 13. Bd3 Nf6 14. Bxe4 Nxe4 15. Rf3 Bxe5 16. fxe5 Qh4 17. Qe2 f6 18. Ba3 Rf7 19. Raf1 f5 20. Bd6 Qd8 21. Bb4 b5 22. cxd5 cxd5 23. Rc1 Rc8 24. Rff1 Rxc1 25. Rxc1 Rc7 26. Qd1 Qc8 27. Rxc7 Qxc7 28. h3 a5 29. Be1 Qc6 30. Bxa5 Qa6 31. Qe1 g6 32. a3 Kf7 33. Bb4 Qc6 34. Qd1 Kg7 35. Kh2 g5 36. Qh5 Qd7 37. Qe2 Kg6 38. Qc2 h5 39. a4 bxa4 40. bxa4 g4 41. Be1 Kf7 42. Qb3 gxh3 43. Kxh3 Qd8 44. Qb7+ Kg6 45. Qc6 Ng5+ 46. Kh2 Qb8 47. Qb5 Qc7 48. Qc5 Qb7 49. Bb4 Qf7 50. Qe7 f4 51. Qxf7+ Nxf7 52. exf4 Kf5 53. Be7 Ke4 54. a5 Kxd4 55. a6 Ke4 56. g3 d4 57. a7 d3 58. a8Q+ Ke3 59. Bc5+ Ke2 60. Qg2+ Kd1 61. Be3 1-0

[Event "NEP-ch (Women)"]
[Site "Kathmandu"]
[Date "2023.04.19"]
[Round "2"]
[White "Dhimal, Shanti"]
[Black "Tamang, Marshal"]
[Result "1-0"]
[WhiteElo "1459"]
[BlackElo "1390"]
[PlyCount "63"]
[EventDate "2023.04.18"]
[EventType "tourn"]
[EventRounds "9"]
[EventCountry "NEP"]
[SourceTitle "EXT 2024"]
[Source "ChessBase"]
[SourceDate "2023.10.10"]
[SourceVersion "1"]
[SourceVersionDate "2023.10.10"]
[SourceQuality "1"]

1. g3 e5 2. Bg2 d5 3. d3 Nf6 4. b3 Nc6 5. Bb2 Bd6 6. Nf3 h6 7. Nbd2 Nh7 8. 0-0 f5 9. e4 fxe4 10. dxe4 d4 11. Nh4 0-0 12. Nc4 Rf6 13. Bc1 Be7 14. f4 exf4 15. gxf4 Bc5 16. Kh1 Qe8 17. f5 b5 18. Nb2 Ne5 19. Nd3 Bd6 20. Nxe5 Bxe5 21. Ng6 Bb7 22. Qg4 Rb6 23. Qh4 Rd8 24. Nxe5 Qxe5 25. Qxd8+ Kf7 26. Bf4 Qe7 27. Qxd4 c5 28. Qf2 Bxe4 29. Rfe1 Bxg2+ 30. Kxg2 Qb7+ 31. Kg1 Nf6 32. Qg3 1-0

[Event "NEP-chB (Women)"]
[Site "Bhaktapur"]
[Date "2023.02.06"]
[Round "6"]
[White "Adhikari, Kritisara"]
[Black "Dhimal, Shanti"]
[Result "1-0"]
[WhiteElo "1521"]
[BlackElo "1453"]
[PlyCount "123"]
[EventDate "2023.02.04"]
[EventType "swiss"]
[EventRounds "7"]
[EventCountry "NEP"]
[SourceTitle "EXT 2024"]
[Source "ChessBase"]
[SourceDate "2023.10.10"]
[SourceVersion "1"]
[SourceVersionDate "2023.10.10"]
[SourceQuality "1"]

1. d4 Nf6 2. Bf4 d5 3. e3 Bf5 4. c3 e6 5. Bd3 Bxd3 6. Qxd3 Be7 7. Nd2 c5 8. Ngf3 Nc6 9. Qb5 Qd7 10. Qb3 b6 11. Qc2 Rc8 12. Ne5 Nxe5 13. Bxe5 0-0 14. a4 Qd8 15. 0-0 Ng4 16. Nf3 Nxe5 17. Nxe5 Bd6 18. Nf3 f6 19. Rfe1 e5 20. Qf5 Kh8 21. Qh3 Qe8 22. Qg4 Qf7 23. dxe5 fxe5 24. e4 d4 25. Red1 Bb8 26. cxd4 cxd4 27. Rac1 Rc5 28. Qg5 h6 29. Qd2 Rfc8 30. Nh4 Bd6 31. Nf5 Be7 32. h4 R8c7 33. Rxc5 Rxc5 34. Rc1 a5 35. b3 Rxc1+ 36. Qxc1 Bc5 37. Qc4 Qf6 38. Qd5 h5 39. Qa8+ Bf8 40. Ng3 g6 41. Qe8 Kg7 42. Qd7+ Kh6 43. Qd5 Bg7 44. Qb5 Qd6 45. Qd5 Qe7 46. Qc6 Qb4 47. Nf5+ Kh7 48. Nxg7 Kxg7 49. Qc7+ Kg8 50. Qc4+ Qxc4 51. bxc4 Kf7 52. Kf1 Ke6 53. Ke2 Kd6 54. Kd3 Kc5 55. g3 Kb4 56. f4 Kxa4 57. fxe5 Kb3 58. e6 a4 59. e7 a3 60. e8Q a2 61. Qa8 Kb2 62. Kxd4 1-0

[Event "Olympiad Women-44"]
[Site "Chennai"]
[Date "2022.08.03"]
[Round "6.3"]
[White "Dhimal, Shanti"]
[Black "Reitumetse, Taioe"]
[Result "0-1"]
[WhiteElo "1499"]
[BlackElo "1180"]
[PlyCount "68"]
[EventDate "2022.07.29"]
[EventType "team-swiss"]
[EventRounds "11"]
[EventCountry "IND"]
[SourceTitle "CBM 210"]
[Source "ChessBase"]
[SourceDate "2022.10.31"]
[SourceVersion "1"]
[SourceVersionDate "2022.10.31"]
[SourceQuality "1"]
[WhiteTeam "Nepal (W)"]
[BlackTeam "Lesotho (W)"]
[WhiteTeamCountry "NEP"]
[BlackTeamCountry "LES"]

1. e4 e6 2. Nf3 d5 3. exd5 exd5 4. Bd3 Nf6 5. h3 Be7 6. 0-0 0-0 7. b3 c5 8. c3 b6 9. Bb2 Bb7 10. Be2 Nc6 11. d4 Rc8 12. Na3 Re8 13. Bd3 h6 14. Nh4 cxd4 15. cxd4 Nxd4 16. Bxd4 Bxa3 17. Qf3 Ne4 18. Qg4 Qg5 19. Nf5 Bf8 20. f3 Qxg4 21. hxg4 Ng5 22. Kh1 Ne6 23. Bf2 Nf4 24. Bb5 Red8 25. Rfe1 Rc2 26. Bg3 Nxg2 27. Re5 d4 28. Be2 d3 29. Kxg2 Rxe2+ 30. Rxe2 dxe2 31. Be1 Rd3 32. Bf2 Rd1 33. Ng3 Rxa1 34. Nxe2 Rxa2 0-1